ՀՀ Գիտությունների ազգային ակադեմիայի հիմնարար գիտական գրադարան  =   Fundamental Scientific Library of NAS RA

Крылья : (Record no. 217602)

MARC details
000 -LEADER
fixed length control field 00734nam a2200205 u 4500
001 - CONTROL NUMBER
control field 000559483
003 - CONTROL NUMBER IDENTIFIER
control field AM-YeHGA
005 - DATE AND TIME OF LATEST TRANSACTION
control field 20250617140316.0
008 - FIXED-LENGTH DATA ELEMENTS--GENERAL INFORMATION
fixed length control field 071130s1988 ||| r 000 0 rus d
020 ## - INTERNATIONAL STANDARD BOOK NUMBER
International Standard Book Number 5280002240
040 ## - CATALOGING SOURCE
Original cataloging agency AM-YeHGA
041 1# - LANGUAGE CODE
Language code of text/sound track or separate title rus
Language code of original ukr
090 ## - LOCALLY ASSIGNED LC-TYPE CALL NUMBER (OCLC); LOCAL CALL NUMBER (RLIN)
-- 219127
100 1# - MAIN ENTRY--PERSONAL NAME
Personal name Сосюра, Владимир Николаевич
245 10 - TITLE STATEMENT
Title Крылья :
Remainder of title Стихи : Пер. с укр. /
Statement of responsibility, etc. Владимир Сосюра.
260 ## - PUBLICATION, DISTRIBUTION, ETC.
Place of publication, distribution, etc. Москва :
Name of publisher, distributor, etc. Худож. лит.,
Date of publication, distribution, etc. 1988.
300 ## - PHYSICAL DESCRIPTION
Extent 302 с.
505 0# - FORMATTED CONTENTS NOTE
Formatted contents note Стихотворения; Поэмы: Красная зима; Оксана; Железная дорога; Тарас Трясило
653 0# - INDEX TERM--UNCONTROLLED
Uncontrolled term Украинская поэзия
Holdings
Withdrawn status Lost status Damaged status Not for loan Collection Home library Current library Date acquired Total checkouts Full call number Barcode Date last seen Price effective from Koha item type Public note
        General Fundamental Scientific Library Fundamental Scientific Library 28/12/2016   РII/594300 FL0023306 28/12/2016 28/12/2016 Գրքեր / Books 30 Days Loan


ՀՀ ԳԱԱ հիմնարար գիտական գրադարան
ՀՀ,Երևան 0019
Մարշալ Բաղրամյան 24/6
հեռախոս:(374-10) 52-47-50
Հետադարձ կապ

All site content, except where otherwise noted, is licensed under a
Creative Commons License